Estudio del funcionamiento vial en la ciudad de Desamparados
Gespeichert in:
| 1. Verfasser: | |
|---|---|
| Format: | Buch |
| Veröffentlicht: |
[San José , Costa Rica]
1996
|
| Schlagworte: | |
| Tags: |
Tag hinzufügen
Keine Tags, Fügen Sie den ersten Tag hinzu!
|
MARC
| LEADER | 00000nam a2200000Ia 4500 | ||
|---|---|---|---|
| 003 | 007842 | ||
| 005 | 20221231144249.0 | ||
| 008 | 140114s1996 cr a m 000 ||s d | ||
| 040 | |c cru CEDI | ||
| 090 | |a TFG 3407 | ||
| 100 | |a Coto Fernández, John Víctor |9 10498 | ||
| 245 | |a Estudio del funcionamiento vial en la ciudad de Desamparados | ||
| 260 | |c 1996 |a [San José , Costa Rica] | ||
| 300 | |a [141] hojas : ilustraciones | ||
| 500 | |a Proyecto de graduación (licenciatura en ingeniería civil)--Universidad de Costa Rica. Facultad de Ingeniería. Escuela de Ingeniería Civil | ||
| 650 | |x REGLAMENTOS DEL TRANSITO - DESAMPARADOS (SAN JOSE, COSTA RICA) |9 10499 | ||
| 942 | |c TFG | ||
| 999 | |c 19283 |d 19283 | ||
